[Event "Prva liga Centralne Srbije"]
[Site "Golubac"]
[Date "2008.09.21"]
[Round "3.6"]
[White "Djoric, Dusan"]
[Black "Nesic, Nebojsa"]
[Result "1-0"]
[WhiteElo "2305"]
[BlackElo "2132"]
[PlyCount "49"]
[EventDate "2008.09.20"]

1. d4 Nf6 2. Bg5 Ne4 3. h4 c5 4. d5 d6 5. Nd2 Nxg5 6. hxg5 g6 7. e3 Bg7 8. c3
Nd7 9. a4 Ne5 10. Ngf3 Nxf3+ 11. Qxf3 h5 12. gxh6 Rxh6 13. Rxh6 Bxh6 14. Bd3
Bd7 15. Ke2 Bg7 16. Rh1 Qb6 17. Rh2 Bf6 18. b3 O-O-O 19. Bc4 Bxc3 20. Ne4 Ba5
21. Qxf7 Qb4 22. Kf3 Qe1 23. Qxe7 Qd1+ 24. Kg3 a6 25. Nxd6+ 1-0

[Event "Prva liga Centralne Srbije"]
[Site "Golubac"]
[Date "2008.09.21"]
[Round "3.3"]
[White "Solomunovic, Igor"]
[Black "Simic, Dragisa"]
[Result "0-1"]
[WhiteElo "2397"]
[BlackElo "2334"]
[PlyCount "140"]
[EventDate "2008.09.20"]

1. d4 Nf6 2. Nf3 g6 3. c4 Bg7 4. Nc3 O-O 5. Bg5 d6 6. e3 c6 7. Be2 Nbd7 8. Qc2
h6 9. Bh4 Re8 10. O-O Nh5 11. Nd2 Nhf6 12. Rfd1 Nf8 13. e4 e5 14. d5 c5 15. f3
h5 16. a3 Bh6 17. Bf2 N6h7 18. b4 b6 19. bxc5 bxc5 20. Rab1 f5 21. Qa4 a6 22.
Qc6 Ra7 23. Rb6 Nd7 24. Rb3 Ndf6 25. Nf1 f4 26. Rdb1 Rc7 27. Qa4 Nd7 28. Nd2 g5
29. R3b2 Kh8 30. Nb3 Rg8 31. Na5 g4 32. Nc6 Qg5 33. Be1 gxf3 34. Bxf3 Ndf6 35.
Rb8 Rcg7 36. Rxc8 Rxc8 37. Qxa6 Rcg8 38. Rb7 Ng4 39. h4 Qf6 40. Rxg7 Bxg7 41.
Qb7 Bf8 42. Nd1 Ne3 43. Nxe3 fxe3 44. Kf1 Qf4 45. Nd8 Rg7 46. Qb8 Rg8 47. Ne6
Qh2 48. Ke2 Be7 49. Qc7 Bxh4 50. Bxh4 Qxh4 51. Kxe3 Ng5 52. Nxg5 Qxg5+ 53. Kd3
Qf6 54. Kc3 h4 55. Qd7 Ra8 56. a4 Qh6 57. Kc2 Rb8 58. Qc7 Rf8 59. Be2 Qe3 60.
Kd1 Qb3+ 61. Ke1 Qe3 62. Kd1 Qd4+ 63. Ke1 Qg1+ 64. Kd2 Qxg2 65. Qxd6 Qg5+ 66.
Kd3 Qf4 67. Bg4 Rg8 68. Be2 Rg3+ 69. Kc2 Qxe4+ 70. Kd2 Qe3+ 0-1

[Event "Prva liga Centralne Srbije"]
[Site "Golubac"]
[Date "2008.09.21"]
[Round "3.3"]
[White "Adzic, Momcilo"]
[Black "Colovic, Dusan"]
[Result "1-0"]
[WhiteElo "2244"]
[BlackElo "2376"]
[PlyCount "73"]
[EventDate "2008.09.20"]

1. e4 d6 2. d4 Nf6 3. Nc3 e5 4. dxe5 dxe5 5. Qxd8+ Kxd8 6. Bg5 Be6 7. O-O-O+
Nbd7 8. f3 c6 9. Nge2 Kc7 10. Kb1 h6 11. Be3 Bc5 12. Bd2 b5 13. Nc1 a5 14. g4
a4 15. h4 b4 16. N3e2 Rhb8 17. b3 Rb7 18. g5 hxg5 19. hxg5 Ne8 20. Bh3 Bxh3 21.
Rxh3 Nd6 22. Rdh1 Rbb8 23. Rh7 g6 24. Nd3 Rb5 25. Nec1 Bd4 26. Nxb4 axb3 27.
cxb3 Nc4 28. Kc2 Nd6 29. Ne2 c5 30. Nd5+ Kc6 31. a4 Rbb8 32. a5 c4 33. bxc4
Nxc4 34. Rxf7 Na3+ 35. Kd1 Rb1+ 36. Nc1 Nc4 37. Rf6+ 1-0